00547 a2200205 450000500170000000800410001702000300005804000090008808200210009710000160011824500630013426000250019730000070022265000110022965000170024065000210025765000160027870000260029470000210032020260513154933.0260513b |||||||| |||| 00| 0 eng d a9789354919718cRs. 220.00 aMAIN a791.31954bM474N aMehta, Jaya aNritya katha: Bachon ke liya Bhartiya nirtiya ki kahaniyan bNBTc2023aNew Delhi a76 aDance  aIndian Dance aClassical Dance  aDance-India aShivendra Kumar Singh aNataliya, Suruba